Imaginar, facilitar, transformar: una pedagogía para el salón multigrado y la escuela rural
Saved in:
| Hovedforfatter: | |
|---|---|
| Format: | Bog |
| Sprog: | spansk |
| Udgivet: |
Ciudad de México
Paidós
2001
|
| Serier: | Maestros y Enseñanza, 9
|
| Fag: | |
| Tags: |
Tilføj Tag
Ingen Tags, Vær først til at tagge denne postø!
|
MARC
| LEADER | 00000nam a2200000 a 4500 | ||
|---|---|---|---|
| 001 | UCL4895 | ||
| 003 | CL-VaPUC | ||
| 008 | 040227e20010000MX |||||||||||||||||spa|d | ||
| 020 | |a 968853482X | ||
| 082 | 0 | 4 | |a 370.15 |b UTT |2 21 |
| 100 | 0 | |a Uttech, Melanie |e author |9 482605 | |
| 245 | 1 | 0 | |a Imaginar, facilitar, transformar: una pedagogía para el salón multigrado y la escuela rural |
| 300 | |a 195 p | ||
| 942 | |c BK | ||
| 945 | |d 20040227 00:00:00 |a cmena | ||
| 260 | |a Ciudad de México |b Paidós |c 2001 | ||
| 650 | 0 | |a Psicología educacional |9 307830 | |
| 650 | 0 | |a Creatividad |9 310816 | |
| 650 | 0 | |a Métodos de enseñanza |9 270413 | |
| 650 | 0 | |a Integración social |9 319662 | |
| 583 | |a last modification |c 20040227 00:00:00 |k Rodrigo Vera | ||
| 490 | 0 | |a Maestros y Enseñanza, 9 | |
| 999 | |c 307650 |d 307648 | ||
| 952 | |0 0 |1 0 |4 0 |6 370_150000000000000_UTT_2001 |7 0 |8 A |9 373696 |a BIBEDU |b BIBEDU |d 2019-11-21 |i 3986780 |l 2 |m 1 |o 370.15 UTT 2001 |p 3986780 |r 2023-08-14 |s 2020-10-13 |w 2019-11-21 |y BK |k EBA | ||
| 952 | |0 0 |1 0 |4 0 |6 370_150000000000000_UTT_2001 |7 0 |8 A |9 373697 |a BIBEDU |b BIBEDU |d 2019-11-21 |i 4303784 |l 2 |o 370.15 UTT 2001 |p 4303784 |r 2022-09-21 |s 2022-09-20 |w 2019-11-21 |y BK |k EBA | ||
| 952 | |0 0 |1 0 |4 0 |6 370_150000000000000_UTT_2001 |7 0 |8 A |9 373698 |a BIBEDU |b BIBEDU |d 2019-11-21 |i 4502418 |o 370.15 UTT 2001 |p 4502418 |r 2019-11-21 |w 2019-11-21 |y BK |k EPE | ||